| 000 -LEADER |
| fixed length control field |
00897nam a2200229Ia 4500 |
| 001 - CONTROL NUMBER |
| control field |
17955 |
| 003 - CONTROL NUMBER IDENTIFIER |
| control field |
GE_BSU |
| 008 - FIXED-LENGTH DATA ELEMENTS--GENERAL INFORMATION |
| fixed length control field |
181216s||||||||xx |||||||||||||| ||und|| |
| 040 ## - CATALOGING SOURCE |
| Transcribing agency |
GE_BSU |
| 080 ## - UNIVERSAL DECIMAL CLASSIFICATION NUMBER |
| Universal Decimal Classification number |
811.361 |
| 100 ## - MAIN ENTRY--PERSONAL NAME |
| Personal name |
ტოვარი, ანტონიო |
| 245 ## - TITLE STATEMENT |
| Title |
ბასკური ენა |
| 245 ## - TITLE STATEMENT |
| Statement of responsibility, etc. |
ავტორიზებული ინგლ. თარგმნიდან თარგმნა ნ. სტურუამ ; არნ. ჩიქობავას წინასიტყვ. და რედ. |
| 260 ## - PUBLICATION, DISTRIBUTION, ETC. |
| Place of publication, distribution, etc. |
თბილისი |
| 260 ## - PUBLICATION, DISTRIBUTION, ETC. |
| Name of publisher, distributor, etc. |
მეცნიერება |
| 260 ## - PUBLICATION, DISTRIBUTION, ETC. |
| Date of publication, distribution, etc. |
1980. |
| 300 ## - PHYSICAL DESCRIPTION |
| Extent |
102გვ. ; 20სმ. |
| 300 ## - PHYSICAL DESCRIPTION |
| Accompanying material |
ბიბლიოგრაფია: გვ.91-94. - პირთა საძიებელი: გვ.95-99. |
| 653 ## - INDEX TERM--UNCONTROLLED |
| Uncontrolled term |
ბასკური ენა |
| 942 ## - ADDED ENTRY ELEMENTS (KOHA) |
| Koha item type |
წიგნი |